LEADER 01079nam a2200265 4500 001 000000347939 003 CaOOAMICUS 005 20210929110711.0 008 210929s2018 it a 000 u ita r 020 $a978-88-315-4980-6 040 $aSeMil$bita 100 1 $aBulzi, Elena.$0(OLS)http://semarc/name/114721 245 10$aMaria, luce di Dio /$cElena Bulzi, Flaminio Fonte. 264 1$aMilano :$bPaoline,$c2018. 300 $a149 p. :$bill. ;$c25 cm 490 1 $aBellezza e fede ;$v17 650 4$aMaria - Meditazioni.$0(OLS)http://semarc/subject/7299 700 1 $aFonte, Flaminio,$c.$0(OLS)http://semarc/name/114722 830 0$aBellezza e fede ;$v17.$0(OLS)http://semarc/title/437247 850 $aSeMil 852 $aSeMil$W1$xVenegono$y1$m2L V 6$j229516$B238981$CSeMilBibl$Z2$F238981 $81 996 $6020$a978-88-315-4980-6$9(OLS)http://semarc/number/294161 996 $6245$aMaria, luce di Dio$9(OLS)http://semarc/title/437246 996 $6264$aMilano :$bPaoline$9(OLS)http://semarc/publisher/29684 LEADER 01114nam a2200241 i 4500 001 000000047247 003 CaOOAMICUS 005 20120319000000.0 008 120319s1961 it u000 u ita u 013 $a18417 040 $aSeMil$bita 100 1 $aCuttaz, François .$0(OLS)http://semarc/name/23501 240 12$aL'enfant de Dieu ou l'Amour du Père : mystique et pratique.$0(OLS)http://semarc/title/402482 245 10$aMistica e pratica dell'amore di Dio :$bopera premiata dalla "Académie Française" /$cFrançois Cuttaz. 246 04$iTitolo in copertina:$aL'amore di Dio 260 $aMilano :$bPaoline,$c1961. 300 $a473 p. ;$c19 cm. 650 4$aMistica cristiana.$0(OLS)http://semarc/subject/911 850 $aSeMil 852 $aSeMil$W1$xVenegono$y1$m2C III 311$j13402$B13402$CSeMilBibl$Z2$F13402 $81 996 $6245$aMistica e pratica dell'amore di Dio :$bopera premiata dalla "Académie Française"$9(OLS)http://semarc/title/71094 996 $6246$aL'amore di Dio$9(OLS)http://semarc/title/71095 996 $6260$aMilano :$bPaoline$9(OLS)http://semarc/publisher/29684